Centrálny depozitár na dohľad
Zavŕšenie transformácie Strediska cenných papierov (SCP) SR. Zmien, ktoré stredisko po transformácii čaká, je viac. Všeobecné pokyny pri zasielaní žiadostí alebo príkazov na službu poštou alebo do podateľne. Podmienky členstva - súhlas Úradu pre finančný trh (ÚFT). Zachovanie starej evidencie. Form...
Gespeichert in:
| 1. Verfasser: | |
|---|---|
| Format: | Buchkapitel |
| Sprache: | Slowakisch |
| Schlagworte: | |
| Tags: |
Keine Tags, Fügen Sie das erste Tag hinzu!
|
MARC
| LEADER | 00000naa$a2200000$$$4500 | ||
|---|---|---|---|
| 001 | 0003837 | ||
| 005 | 20230926070350.0 | ||
| 041 | 0 | |a slo | |
| 044 | |a SK | ||
| 245 | 1 | 0 | |a Centrálny depozitár na dohľad |c aut. Želmíra Habánová Václavová |
| 520 | |a Zavŕšenie transformácie Strediska cenných papierov (SCP) SR. Zmien, ktoré stredisko po transformácii čaká, je viac. Všeobecné pokyny pri zasielaní žiadostí alebo príkazov na službu poštou alebo do podateľne. Podmienky členstva - súhlas Úradu pre finančný trh (ÚFT). Zachovanie starej evidencie. Formuláre na služby SCP SR. | ||
| 610 | 2 | 0 | |a papiere cenné |
| 610 | 2 | 0 | |a burzovníctvo |
| 610 | 2 | 0 | |a obchody burzové |
| 610 | 2 | 0 | |a transformácia |
| 610 | 2 | 0 | |a Slovensko |
| 610 | 2 | 0 | |a trh finančný |
| 100 | 1 | |a Habánová, Želmíra | |